000 01204nam a2200349 i 4500
001 000018945
003 DO-SdBNP
005 20240725133609.0
007 ta
008 100521s1993 dr 000 0 spa d
040 _aDO-SdBNP
_bspa
_cBNPHU
_erda
041 _aspa
049 _aBNPD
082 _a020
_bD337i
_2rda
100 1 _aDe Lancer, Julio R.,
_d1938-1978
_940771
_eautor
245 1 0 _aInquietudes /
_cJulio R. De Lancer ; Compiladoras Nidia De León, Miledys Marmolejos, Elida Jiménez.
264 _aSanto Domingo :
_bBiblioteca Nacional Pedro Henríquez Ureña,
_c1993.
300 _a245 páginas ;
_c22 cm.
336 _2rdacontent
_atexto
_btxt
337 _2rdamedia
_asin mediación
_bn
338 _2rdacarrier
_avolumen
_bnc
490 0 _aOrfeo
500 _aIncluye datos biográficos del autor en la contracubierta
650 4 _aBibliotecología
_xColecciones de escritos
_940772
650 4 _aBibliotecas
_940773
650 4 _aFeria del libro
_940774
650 4 _aArtículos de prensa
_943
700 1 _aLeón, Nidia de,
_ecompilador
_940775
700 1 _aMarmolejos, Miledys,
_ecompilador
_940776
700 1 _aJiménez, Elida,
_ecompiladoras
_911636
942 _2ddc
_cLBS1
999 _c18463
_d18463